| 000 | 01799cam a22004934i 4500 | ||
|---|---|---|---|
| 003 | PE-LiUPU | ||
| 005 | 20250731172939.0 | ||
| 008 | 150623s1996 miu rb 000 0 eng d | ||
| 020 | _a0310201551 | ||
| 035 | _a(Sirsi) i9780310201557 | ||
| 040 |
_aPE-LiUPU _bspa _cPE-LiUPU _erda |
||
| 049 | _aPRUA | ||
| 082 | 0 | 4 |
_a234.1 _bA15 _221 |
| 245 | 0 | 0 |
_aAre miraculous gifts for today? : _bfour views / _cRichard B. Gaffin, Jr. [et al.]; Wayne A. Grudem, editor general. |
| 264 | 1 |
_aMichigan : _bZondervan Publishing House, _c1996. |
|
| 300 |
_a368 páginas ; _c20 centímetros. |
||
| 336 |
_atext _2rdacontent |
||
| 337 |
_aunmediated _2rdamedia |
||
| 338 |
_avolume _2rdacarrier |
||
| 490 | 1 | _aCounterpoints | |
| 504 | _aBibliografía al pie de páginas. | ||
| 505 | 0 | _aA Cessationist View, Richard B. Gaffin, Jr -- An open but cautious view, Robert L. Saucy -- A third Wave View, C. Samuel Storms -- A pentecostal/ Charismatic View, Douglas A. Os -- Concluding statements. | |
| 526 | _aSEG42 | ||
| 526 | _aSEG41 | ||
| 526 | _aSEG40 | ||
| 526 | _aSEG39 | ||
| 526 | _aP94 | ||
| 526 | _aP87 | ||
| 526 | _aP86 | ||
| 526 | _aP85 | ||
| 526 | _aP77 | ||
| 526 | _aP76 | ||
| 526 | _aP35 | ||
| 650 | 1 | 4 |
_aDones espirituales. _91203 |
| 650 | 2 | 4 | _aMilagros. |
| 700 | 1 | _aGaffin, Richard B. | |
| 700 | 1 |
_aGrudem, Wayne A., _eeditor. |
|
| 942 |
_2ddc _cBOOK |
||
| 949 |
_a234.1 A15 _wDEWEY _c1 _i44510 _lCCODEBUL1 _mBUL _r0 _sY _tBOOK _u2015-6-24 _xTEOLOGIA _PP35 _0COMPRA _o.STAFF. Colección Teología |
||
| 994 |
_aC0 _bPEPRU |
||
| 596 | _a1 | ||
| 999 |
_a234.1 A15 _wDEWEY _c21392 _i44510 _f2021-11-10 _g5 _lCCODEBUL1 _mBUL _p20.00 _r0 _sY _tBOOK _u2015-6-24 _xTEOLOGIA _PP35 _0COMPRA _o.STAFF. Colección Teología _d21392 |
||
| 980 |
_81 _gALBERTO SANCHEZ Responsable de Automatización |
||